Central Library OPAC University of Rajshahi

کتاب تارىخ مبارک غازانى : داستان غازان خان / Kitāb-i tārīkh-i mubārak-i Ghāzānī : dāstān-i Ghāzān Khān / (Record no. 82284)

MARC details
000 -LEADER
fixed length control field 01566cam a22002897a 4500
001 - CONTROL NUMBER
control field 82284
003 - CONTROL NUMBER IDENTIFIER
rucl marc code BD-RjUL
005 - DATE AND TIME OF LATEST TRANSACTION
control field 20231114120652.0
008 - FIXED-LENGTH DATA ELEMENTS--GENERAL INFORMATION
fixed length control field 231114s1940 ne 001 0 ger
035 ## - SYSTEM CONTROL NUMBER
System control number (BD-RjUL)82284
040 ## - CATALOGING SOURCE
Original cataloging agency DLC
Transcribing agency DLC
Modifying agency DLC
Language of cataloging eng
041 ## - LANGUAGE CODE
Language code of text/sound track or separate title per
082 ## - DEWEY DECIMAL CLASSIFICATION NUMBER
Edition number 23
Classification number 955
Author mark and year RAK 1940
100 0# - MAIN ENTRY--PERSONAL NAME
Personal name Rashīd al-Dīn Ṭabīb ;;, رشيد الدين طبيب،
Dates associated with a name 1247?-1318.
9 (RLIN) 10039
245 10 - TITLE STATEMENT
Title کتاب تارىخ مبارک غازانى : داستان غازان خان / Kitāb-i tārīkh-i mubārak-i Ghāzānī : dāstān-i Ghāzān Khān /
Remainder of title Geschichte der Ilḫāne Abāġā bis Gaiḫātū (1265-1295) : Textausgabe /
Statement of responsibility, etc. mit Einleitung, Inhaltsangabe und Indices von Karl Jahn.Authors:تالىف رشىد الدىن فضل الله بن عماد الدوله ابو الخىر ؛ بسعى و اهتمام و تصحىح ... کارل ىان., رشيد الدين طبيب،, 1247?-1318, Karl Jahn / taʼlīf-i Rashīd al-Dīn Faz̤l Allāh ibn ʻImād al-Dawlah Abū al-Khayr ; bisaʻy va ihtimām va taṣḥīḥ-i ... Kārl Yān., Rashīd al-Dīn Ṭabīb
246 15 - VARYING FORM OF TITLE
Title proper/short title Kitāb-i tārīkh-i mubārak-i Ghāzānī
Title proper/short title Tārīkh-i mubārak-i Ghāzānī
260 ## - PUBLICATION, DISTRIBUTION, ETC. (IMPRINT)
Place of publication, distribution, etc. London :
Name of publisher, distributor, etc. Gibb memorial,,
Date of publication, distribution, etc. 1940.
300 ## - PHYSICAL DESCRIPTION
Pagination 387+xlip p. ;
Size 25 cm.
500 ## - GENERAL NOTE
General note Includes indexes.
650 #0 - SUBJECT ADDED ENTRY--TOPICAL TERM
Topical term or geographic name as entry element Mongols
Geographic subdivision Iran
General subdivision History.
9 (RLIN) 10040
651 #0 - SUBJECT ADDED ENTRY--GEOGRAPHIC NAME
Geographic name Iran
General subdivision History
Chronological subdivision 640-
9 (RLIN) 10041
700 1# - ADDED ENTRY--PERSONAL NAME
Personal name Jahn, Karl,
Dates associated with a name 1906-1985.
942 ## - ADDED ENTRY ELEMENTS (KOHA)
Source of classification or shelving scheme Dewey Decimal Classification
Koha item type Books
Holdings
Lost status Source of classification or shelving scheme Damaged status Not for loan Collection code Permanent Location Current Location Shelving location Date acquired Source of acquisition Total Checkouts Full call number Date last seen Copy number Koha item type
  Dewey Decimal Classification   Not For Loan Non-fiction Central Library, University of Rajshahi Central Library, University of Rajshahi Reading Room 22/01/1964 Zeitlinger   F 955 RAK 1940 14/11/2023 C-1 Books